Los fusilados /
I tiakina i:
| Kaituhi matua: | |
|---|---|
| Hōputu: | Pukapuka |
| Reo: | Pāniora |
| I whakaputaina: |
Oaxaca, México :
Edición Sur,
fecha no identificada
|
| Rangatū: | (La Tierra y la Raíz ;
13) |
| Ngā marau: | |
| Ngā Tūtohu: |
Kāore He Tūtohu, Me noho koe te mea tuatahi ki te tūtohu i tēnei pūkete!
|
MARC
| LEADER | 00000nam^a2200000^a^4500 | ||
|---|---|---|---|
| 001 | 000394602 | ||
| 005 | 20250526000000.0 | ||
| 009 | 20260310121339.698 | ||
| 037 | |a Acervo Xavier Clavigero | ||
| 041 | |a ESP | ||
| 082 | |a 863. |b CAM | ||
| 100 | |a Campos Alatorre, Cipriano |e (autor) | ||
| 240 | 1 | 5 | |a [Los fusilados] |
| 245 | 1 | 4 | |a Los fusilados / |c C. Campos Alatorre. |
| 264 | 1 | |a Oaxaca, México : |b Edición Sur, |c fecha no identificada | |
| 300 | |a 125 p. ; |c 20.0 cm. | ||
| 336 | |a texto |b txt |2 rdacontenido | ||
| 337 | |a sin mediación |b n |2 rdamedio | ||
| 338 | |a volumen |b nc |2 rdasoporte | ||
| 440 | 4 | |a (La Tierra y la Raíz ; |v 13) | |
| 561 | |a Ex libris de Instituto de Literatura Puente Grande, Jal. | ||
| 561 | |a Ex libris de Bibl. Magnopontanae Domus Scti. Ioseph | ||
| 561 | |a Obra autografiada por Cipriano Campos Alatorre para Xavier Vivanco | ||
| 649 | |a XX | ||
| 650 | |a Cuentos Mexicanos | ||
| 650 | |a Novela Mexicana | ||
| 650 | |a Literatura Mexicana - |y Siglo XX | ||
| 650 | |a Literatura e Historia - |z México | ||
| 650 | |a México - |x Historia - |y Revolución Zapatista, 1911-1919 | ||
| 910 | |a Fondo General | ||
| 920 | |a Impresos - Libros | ||
| 930 | |a Libros Antiguos y Raros | ||
| 940 | |a Literatura | ||
| 905 | |a 108 | ||
| 901 | |a 056141 |b IT2 |c LRA |u 20250526 | ||
| 902 | |a https://opac.biblio.iteso.mx/vufind/Record/000394602 | ||